Leisure Norwich II Ltd and ors v Luminar Lava Ignite Ltd (in administration) and ors (Record no. 84192)
[ view plain ]
| 000 -LEADER | |
|---|---|
| fixed length control field | 01340cad a22002055a 4500 |
| 001 - CONTROL NUMBER | |
| control field | L156895 |
| 008 - FIXED-LENGTH DATA ELEMENTS--GENERAL INFORMATION | |
| fixed length control field | 120727e2012 xxk 000 0 eng d |
| 035 ## - SYSTEM CONTROL NUMBER | |
| System control number | (Sirsi) u156895 |
| 041 0# - LANGUAGE CODE | |
| Language code of text/sound track or separate title | eng |
| 245 00 - TITLE STATEMENT | |
| Title | Leisure Norwich II Ltd and ors v Luminar Lava Ignite Ltd (in administration) and ors |
| 260 ## - PUBLICATION, DISTRIBUTION, ETC. | |
| Date of publication, distribution, etc. | 2012 |
| 520 ## - SUMMARY, ETC. | |
| Summary, etc. | [2012] EWHC 951 (Ch), 28 March 2012. Landlords have no priority over other creditors of an insolvent tenant to recover pre-insolvency rent arrears, even when an administrator or liquidator makes subsequent use of their premises. Defendant LL's companies went into administration in October 2011 with rent outstanding for the September quarter. Administrators continued to trade from the defendant's premises but refused to pay the rent arrears as an expense. "Held": the administrators were not liable to pay the outstanding rent and the landlord, X-Leisure, could not recover the debt. Permission to appeal was refused. |
| 590 ## - LOCAL NOTE (RLIN) | |
| Local note | KA |
| 650 24 - SUBJECT ADDED ENTRY--TOPICAL TERM | |
| Topical term or geographic name entry element | LEISURE (NORWICH) II LTD V LUMINAR LAVA IGNITE LTD (IN ADMINISTRATION) |
| 650 24 - SUBJECT ADDED ENTRY--TOPICAL TERM | |
| Topical term or geographic name entry element | GOLDACRE (OFFICES) LTD v NORTEL NETWORKS UK LTD (IN ADMINISTRATION) |
| 651 #4 - SUBJECT ADDED ENTRY--GEOGRAPHIC NAME | |
| Geographic name | England and Wales |
| Chronological subdivision | 1543- |
| 690 ## - LOCAL SUBJECT ADDED ENTRY--TOPICAL TERM (OCLC, RLIN) | |
| Topical term or geographic name as entry element | Landlord and tenant |
| 9 (RLIN) | 6252 |
| 856 40 - ELECTRONIC LOCATION AND ACCESS | |
| Uniform Resource Identifier | <a href="https://www.bailii.org/ew/cases/EWHC/Ch/2012/951.html">https://www.bailii.org/ew/cases/EWHC/Ch/2012/951.html</a> |
| Public note | View the law report at www.bailii.org |
| 942 ## - ADDED ENTRY ELEMENTS (KOHA) | |
| Suppress in OPAC | 0 |
| Withdrawn status | Lost status | Source of classification or shelving scheme | Damaged status | Not for loan | Home library | Current library | Shelving location | Date acquired | Total Checkouts | Full call number | Barcode | Date last seen | Copy number | Price effective from | Koha item type |
|---|---|---|---|---|---|---|---|---|---|---|---|---|---|---|---|
| Dewey Decimal Classification | Virtual | Virtual | Online | 27/07/2012 | ONLINE PUBLICATION | 156895-2001 | 06/08/2019 | 1 | 06/08/2019 | Law report |